X-Men Quizzes 15: Gambit - Statistics

General Stats
  • This quiz has been taken 61 times
  • The average score is 8 of 11
Answer Stats
Hint Answer % Correct
What does he normally charge up and throw at people? Cards
98%
Which mutant and X-Man did he marry? Rogue / Anna Marie
92%
What kind of energy can he create? Biokinetic
91%
What colour are his eyes? Red
91%
What is his real name? Remy LeBeau
87%
Who was set to portray him in a cancelled movie? Channing Tatum
77%
Which US state was he born in? Louisiana
70%
Which city was he born in? New Orleans
70%
What guild was he raised in? Thieves
62%
What kind of staff does he wield? Bo
57%
Who portrayed him in 2009? Taylor Kitsch
28%
No matching quizzes found
Score Distribution
Percent of People with Each Score
Percentile by Number Answered
Your Score History
You have not taken this quiz